[Event "Warsaw Szansa Rapid op"]
[Site "Warsaw"]
[Date "2021.09.11"]
[Round "3"]
[White "Nasuta, Grzegorz"]
[Black "Grudzien, Piotr"]
[Result "1-0"]
[WhiteElo "2531"]
[BlackElo "1977"]
[PlyCount "93"]
[EventDate "2021.09.11"]
[EventType "swiss (rapid)"]
[EventRounds "9"]
[EventCountry "POL"]
[SourceTitle "CBM 204 Extra"]
[Source "ChessBase"]
[SourceDate "2021.11.30"]
[SourceVersion "1"]
[SourceVersionDate "2021.11.30"]
[SourceQuality "1"]

1. e4 d6 2. d4 Nf6 3. Nc3 g6 4. Be3 c6 5. Nf3 b5 6. e5 b4 7. exf6 bxc3 8. fxe7 Qxe7 9. bxc3 Bh6 10. Qd2 0-0 11. Be2 Bxe3 12. Qxe3 Re8 13. Qxe7 Rxe7 14. Kd2 Nd7 15. Bd3 Nf6 16. Rab1 Bg4 17. Rhe1 Rae8 18. Rxe7 Rxe7 19. Ng1 Nd5 20. Rb8+ Kg7 21. Rd8 Nf4 22. g3 Nxd3 23. cxd3 d5 24. f3 Bf5 25. Rb8 g5 26. Ne2 h5 27. Nc1 h4 28. a4 hxg3 29. hxg3 Be6 30. a5 f5 31. Ne2 Kf6 32. f4 g4 33. a6 Bf7 34. Nc1 Ke6 35. Nb3 Kd6 36. Nc5 Re8 37. Rb7 Be6 38. Rxa7 Rh8 39. Rg7 Rh2+ 40. Ke3 Rg2 41. Rg6 Rxg3+ 42. Kf2 Rf3+ 43. Ke2 Kc7 44. Rxe6 Kb6 45. Re7 Rh3 46. Rb7+ Ka5 47. a7 1-0

[Event "POL-ch U18"]
[Site "Karpacz"]
[Date "2010.03.13"]
[Round "10"]
[White "Grudzien, Piotr"]
[Black "Kalejta, Arkadiusz"]
[Result "0-1"]
[WhiteElo "1989"]
[BlackElo "1641"]
[PlyCount "92"]
[EventDate "2010.03.06"]
[EventType "swiss"]
[EventRounds "11"]
[EventCountry "POL"]
[SourceTitle "CBM 135 Extra"]
[Source "ChessBase"]
[SourceDate "2010.05.04"]
[SourceVersion "1"]
[SourceVersionDate "2010.05.04"]
[SourceQuality "1"]

1. d4 d5 2. c4 e6 3. cxd5 exd5 4. Nc3 c6 5. Qc2 Bd6 6. Nf3 Ne7 7. e3 Bf5 8. Bd3 Bxd3 9. Qxd3 Nd7 10. 0-0 Nf6 11. b3 Ng6 12. a3 0-0 13. b4 a6 14. Bb2 Qe7 15. Ne1 Ng4 16. h3 Nh2 17. Nc2 Nxf1 18. Qxf1 Qg5 19. f4 Qf5 20. Ne1 Rfe8 21. g4 Qd7 22. Nf3 f6 23. Na4 Qc7 24. Rc1 b5 25. Nc3 Qb7 26. f5 Nf8 27. g5 Qf7 28. Ne2 Rac8 29. Kh1 Qh5 30. gxf6 Qxf5 31. fxg7 Ng6 32. Qg2 Re7 33. Rf1 Qh5 34. Ng5 Rce8 35. Rf6 Rxg7 36. Ne6 Rge7 37. N6f4 Bxf4 38. Nxf4 Qh4 39. Rxc6 Rg7 40. Qxd5+ Kh8 41. Qh5 Reg8 42. Rxg6 Qxh5 43. Nxh5 Rxg6 44. Nf4 Rg1+ 45. Kh2 Rd1 46. Bc3 Rc8 0-1

[Event "POL-ch U18"]
[Site "Karpacz"]
[Date "2010.03.12"]
[Round "9"]
[White "Siwiec, Arkadiusz"]
[Black "Grudzien, Piotr"]
[Result "1-0"]
[WhiteElo "2078"]
[BlackElo "1989"]
[PlyCount "71"]
[EventDate "2010.03.06"]
[EventType "swiss"]
[EventRounds "11"]
[EventCountry "POL"]
[SourceTitle "CBM 135 Extra"]
[Source "ChessBase"]
[SourceDate "2010.05.04"]
[SourceVersion "1"]
[SourceVersionDate "2010.05.04"]
[SourceQuality "1"]

1. e4 g6 2. d4 Bg7 3. Nc3 d6 4. Be3 Nf6 5. f3 0-0 6. Qd2 Nbd7 7. g4 e5 8. d5 Ne8 9. h4 f5 10. exf5 gxf5 11. gxf5 Ndf6 12. h5 Bxf5 13. h6 Bh8 14. Nh3 Kf7 15. Ng5+ Ke7 16. Bd3 Qd7 17. 0-0-0 Rg8 18. f4 e4 19. Bb5 c6 20. Ba4 Kd8 21. dxc6 bxc6 22. Ne2 Rb8 23. b3 Bg4 24. Nd4 Rb6 25. Rdg1 Ra6 26. c4 Kc8 27. Qc2 Bf5 28. b4 Ng4 29. Rxg4 Bxg4 30. b5 Rb6 31. Nxc6 Rxc6 32. bxc6 Qe7 33. Qb3 d5 34. cxd5 Bf5 35. d6 Qxd6 36. Qb7+ 1-0

[Event "POL-ch U18"]
[Site "Karpacz"]
[Date "2010.03.10"]
[Round "6"]
[White "Sobolewski, Dawid"]
[Black "Grudzien, Piotr"]
[Result "0-1"]
[WhiteElo "1744"]
[BlackElo "1989"]
[PlyCount "90"]
[EventDate "2010.03.06"]
[EventType "swiss"]
[EventRounds "11"]
[EventCountry "POL"]
[SourceTitle "CBM 135 Extra"]
[Source "ChessBase"]
[SourceDate "2010.05.04"]
[SourceVersion "1"]
[SourceVersionDate "2010.05.04"]
[SourceQuality "1"]

1. e4 c6 2. d4 d5 3. exd5 cxd5 4. c4 Nf6 5. Nc3 e6 6. c5 Nc6 7. Bb5 Be7 8. Nf3 0-0 9. Bxc6 bxc6 10. Ne5 Bb7 11. b4 Nd7 12. Nxd7 Qxd7 13. 0-0 a5 14. Na4 Bd8 15. a3 Bc7 16. Bd2 Qe7 17. bxa5 Qh4 18. g3 Qxd4 19. Nb6 Rad8 20. Be3 Qxd1 21. Rfxd1 e5 22. Rab1 Ba6 23. f4 f6 24. fxe5 fxe5 25. Bg5 Rde8 26. Rb2 Rf5 27. Be3 Rf3 28. Re1 e4 29. Rf2 Ref8 30. Rxf3 Rxf3 31. Kg2 h6 32. a4 Be5 33. Nd7 Bc3 34. Rb1 Rxe3 35. Rb6 Be2 36. a6 Bxa6 37. Rxa6 Re2+ 38. Kh3 Rc2 39. Kg4 e3 40. Kf5 Kf7 41. Ra7 Rf2+ 42. Kg4 Ke8 43. Nb6 e2 44. Ra8+ Kf7 45. Ra7+ Kg6 0-1

[Event "Karpacz op"]
[Site "Karpacz"]
[Date "2010.02.25"]
[Round "6"]
[White "Grudzien, Piotr"]
[Black "Lapaj, Mateusz"]
[Result "1-0"]
[WhiteElo "1989"]
[BlackElo "1853"]
[PlyCount "51"]
[EventDate "2010.02.21"]
[EventType "swiss"]
[EventRounds "9"]
[EventCountry "POL"]
[SourceTitle "CBM 135 Extra"]
[Source "ChessBase"]
[SourceDate "2010.05.04"]
[SourceVersion "1"]
[SourceVersionDate "2010.05.04"]
[SourceQuality "1"]

1. d4 Nf6 2. Bg5 d6 3. Bxf6 exf6 4. e3 d5 5. Bd3 Bd6 6. Ne2 c6 7. 0-0 0-0 8. c4 dxc4 9. Bxc4 f5 10. Nbc3 Nd7 11. Qc2 Nf6 12. g3 Re8 13. Rfd1 Qe7 14. d5 b5 15. Bb3 b4 16. Nb1 cxd5 17. Nd2 g6 18. Nd4 Bb7 19. Rac1 Ne4 20. Nxe4 dxe4 21. Nc6 Bxc6 22. Qxc6 Red8 23. Rd2 a5 24. h4 Be5 25. Rcd1 Rxd2 26. Qxa8+ 1-0

[Event "Karpacz op"]
[Site "Karpacz"]
[Date "2010.02.23"]
[Round "2"]
[White "Grudzien, Piotr"]
[Black "Delekta, Anna"]
[Result "1-0"]
[WhiteElo "1989"]
[BlackElo "1663"]
[PlyCount "95"]
[EventDate "2010.02.21"]
[EventType "swiss"]
[EventRounds "9"]
[EventCountry "POL"]
[SourceTitle "CBM 135 Extra"]
[Source "ChessBase"]
[SourceDate "2010.05.04"]
[SourceVersion "1"]
[SourceVersionDate "2010.05.04"]
[SourceQuality "1"]

1. e4 c5 2. b4 e5 3. Nf3 Nf6 4. d3 Nc6 5. Bb2 Bd6 6. Nbd2 cxb4 7. Nc4 Qe7 8. Nxd6+ Qxd6 9. Be2 Qe7 10. 0-0 0-0 11. a3 d5 12. exd5 Nxd5 13. axb4 Ndxb4 14. Ba3 e4 15. dxe4 Qxe4 16. Bd3 Qd5 17. Bxh7+ Kxh7 18. Qxd5 Nxd5 19. Bxf8 Bf5 20. Bc5 Bxc2 21. Nd4 Nxd4 22. Bxd4 a5 23. Rfc1 Bb3 24. Rcb1 Nf4 25. Rxb3 Ne2+ 26. Kf1 Nxd4 27. Rxb7 f6 28. Ra4 Nc2 29. Rb2 Rc8 30. Rxa5 Nd4 31. g3 Rc1+ 32. Kg2 g5 33. Rd5 Nc6 34. Rd7+ Kg6 35. Rc7 Rc4 36. Rb6 Ne5 37. Rxc4 Nxc4 38. Rb8 g4 39. h4 Ne5 40. Kf1 Kh6 41. Ke2 Kh5 42. Rb5 Kg6 43. Rxe5 fxe5 44. Kd3 Kf5 45. Ke3 Kg6 46. Ke4 Kf6 47. h5 Kg5 48. Kxe5 1-0

[Event "POL-ch U18"]
[Site "Chotowa"]
[Date "2009.04.03"]
[Round "9"]
[White "Grudzien, Piotr"]
[Black "Hanusek, Sebastian"]
[Result "0-1"]
[WhiteElo "1965"]
[BlackElo "1996"]
[PlyCount "40"]
[EventDate "2009.03.28"]
[EventType "swiss"]
[EventRounds "11"]
[EventCountry "POL"]
[SourceTitle "EXT 2011"]
[Source "ChessBase"]
[SourceDate "2010.11.26"]
[SourceVersion "1"]
[SourceVersionDate "2010.11.26"]
[SourceQuality "1"]

1. d4 d5 2. c4 e6 3. Nc3 c6 4. cxd5 exd5 5. Qc2 Nf6 6. Bg5 Be7 7. e3 Bg4 8. Bd3 Nbd7 9. f3 Bh5 10. Nge2 0-0 11. 0-0 Re8 12. Nf4 Bg6 13. Nxg6 hxg6 14. Rad1 Nf8 15. Bh4 Ne6 16. f4 Ng4 17. Qe2 f5 18. Bf2 Bh4 19. Qf3 Bxf2+ 20. Rxf2 Nxd4 0-1

[Event "POL-ch U18"]
[Site "Chotowa"]
[Date "2009.03.30"]
[Round "4"]
[White "Grudzien, Piotr"]
[Black "Kobus, Sebastian"]
[Result "0-1"]
[WhiteElo "1965"]
[BlackElo "2021"]
[PlyCount "52"]
[EventDate "2009.03.28"]
[EventType "swiss"]
[EventRounds "11"]
[EventCountry "POL"]
[SourceTitle "EXT 2011"]
[Source "ChessBase"]
[SourceDate "2010.11.26"]
[SourceVersion "1"]
[SourceVersionDate "2010.11.26"]
[SourceQuality "1"]

1. e4 e5 2. Nf3 Nf6 3. d4 Nxe4 4. Bd3 d5 5. Nxe5 Nd7 6. Nxd7 Bxd7 7. 0-0 Be7 8. Re1 0-0 9. Bxe4 dxe4 10. Rxe4 Bc6 11. d5 f5 12. Rxe7 Qxe7 13. dxc6 Rad8 14. Qf1 bxc6 15. Nc3 Kh8 16. b3 f4 17. Bb2 f3 18. Re1 Qf6 19. g3 Qg6 20. h3 Rd2 21. Ne4 Rxc2 22. Bd4 Rxa2 23. Qc4 Re8 24. Kh2 Re2 25. Rxe2 fxe2 26. Qxe2 Qxe4 0-1

[Event "Polanica Zdroj op-B 44th"]
[Site "Polanica Zdroj"]
[Date "2008.08.19"]
[Round "1"]
[White "Pietocha, Pawel"]
[Black "Grudzien, Piotr"]
[Result "1-0"]
[WhiteElo "2036"]
[BlackElo "1834"]
[PlyCount "77"]
[EventDate "2008.08.19"]
[EventType "swiss"]
[EventRounds "10"]
[EventCountry "POL"]
[SourceTitle "CBM 126 Extra"]
[Source "ChessBase"]
[SourceDate "2008.11.05"]
[SourceVersion "1"]
[SourceVersionDate "2008.11.05"]
[SourceQuality "1"]

1. e4 e5 2. Nf3 Nc6 3. Bb5 Nf6 4. Nc3 Bb4 5. Nd5 Nxd5 6. exd5 Nd4 7. Nxd4 exd4 8. Qg4 Qe7+ 9. Kd1 0-0 10. Qxd4 Bc5 11. Qf4 Re8 12. d4 Bd6 13. Qe3 Qd8 14. Qf3 a6 15. Bd3 b5 16. h4 Bb7 17. Bg5 Be7 18. Bf4 Bf6 19. c3 b4 20. g4 bxc3 21. bxc3 c5 22. Rb1 Qc8 23. dxc5 Bxc3 24. c6 dxc6 25. Bf5 Qd8 26. Rxb7 Qa5 27. Rb3 Bf6 28. g5 Rad8 29. d6 Qxf5 30. gxf6 Qxf6 31. Kc2 Qf5+ 32. Kb2 Re4 33. Bg3 Qe6 34. Rc1 Re2+ 35. Rc2 Rxc2+ 36. Kxc2 Qc4+ 37. Qc3 Qe2+ 38. Qd2 Qc4+ 39. Kb2 1-0

[Event "POL-ch U16"]
[Site "Leba"]
[Date "2008.04.03"]
[Round "8"]
[White "Borowicz, Przemyslaw"]
[Black "Grudzien, Piotr"]
[Result "1-0"]
[WhiteElo "1989"]
[BlackElo "1812"]
[PlyCount "81"]
[EventDate "2008.03.29"]
[EventType "swiss"]
[EventRounds "11"]
[EventCountry "POL"]
[SourceTitle "CBM 123 Extra"]
[Source "ChessBase"]
[SourceDate "2008.05.06"]
[SourceVersion "1"]
[SourceVersionDate "2008.05.06"]
[SourceQuality "1"]

1. d4 Nf6 2. c4 e6 3. Nf3 Bb4+ 4. Nc3 b6 5. Bg5 Bb7 6. e3 Bxc3+ 7. bxc3 d6 8. Bd3 Nbd7 9. e4 e5 10. 0-0 0-0 11. Qc2 Re8 12. Nd2 h6 13. Bxf6 Qxf6 14. Nb3 Qf4 15. Qd2 Qxd2 16. Nxd2 Nf6 17. f3 a5 18. a4 Nd7 19. g3 Nf6 20. Rae1 Nd7 21. f4 f6 22. Nf3 g5 23. fxg5 fxg5 24. h4 gxh4 25. Nxh4 Rf8 26. Nf5 Kh7 27. Rf2 Rae8 28. Re3 Nf6 29. Rfe2 Rg8 30. Rh2 Rg6 31. Rh4 Bc8 32. dxe5 dxe5 33. Kg2 Nd7 34. Re1 Nc5 35. Bc2 Rd8 36. Re2 Re6 37. Kf3 Bb7 38. Reh2 Ba6 39. Nxh6 Kg6 40. Nf5 Rf8 41. Rh7 1-0

[Event "POL-ch U16"]
[Site "Leba"]
[Date "2008.04.02"]
[Round "7"]
[White "Sabuk, Piotr"]
[Black "Grudzien, Piotr"]
[Result "1-0"]
[WhiteElo "1996"]
[BlackElo "1812"]
[PlyCount "89"]
[EventDate "2008.03.29"]
[EventType "swiss"]
[EventRounds "11"]
[EventCountry "POL"]
[SourceTitle "CBM 123 Extra"]
[Source "ChessBase"]
[SourceDate "2008.05.06"]
[SourceVersion "1"]
[SourceVersionDate "2008.05.06"]
[SourceQuality "1"]

1. e4 e5 2. Nf3 Nc6 3. Bb5 Nf6 4. 0-0 Nxe4 5. d4 Nd6 6. Bxc6 dxc6 7. dxe5 Nf5 8. Qxd8+ Kxd8 9. Bg5+ Ke8 10. Nc3 h6 11. Bd2 Be6 12. Ne4 c5 13. Bc3 Kd7 14. Rfd1+ Kc6 15. b3 Ne7 16. Rac1 Nd5 17. Bd2 Ne7 18. c4 Ng6 19. h3 Be7 20. Kh2 Rad8 21. Be3 b6 22. g4 a6 23. Kg3 Rxd1 24. Rxd1 b5 25. cxb5+ Kxb5 26. Rc1 Bd5 27. Nxc5 Bxf3 28. Kxf3 Nxe5+ 29. Ke2 a5 30. f4 Ng6 31. Rc4 Bf6 32. Nd7 Rc8 33. a4+ Ka6 34. Nxf6 gxf6 35. Rc6+ Kb7 36. Rxf6 Rf8 37. Kf3 c6 38. Bc5 Rc8 39. Rxf7+ Rc7 40. Rxc7+ Kxc7 41. f5 Ne5+ 42. Ke4 Nd7 43. Be7 Nb6 44. f6 Kd7 45. Bc5 1-0

[Event "POL-ch U16"]
[Site "Leba"]
[Date "2008.04.01"]
[Round "5"]
[White "Grudzien, Piotr"]
[Black "Wasiluk, Robert"]
[Result "1-0"]
[WhiteElo "1812"]
[BlackElo "1725"]
[PlyCount "149"]
[EventDate "2008.03.29"]
[EventType "swiss"]
[EventRounds "11"]
[EventCountry "POL"]
[SourceTitle "CBM 123 Extra"]
[Source "ChessBase"]
[SourceDate "2008.05.06"]
[SourceVersion "1"]
[SourceVersionDate "2008.05.06"]
[SourceQuality "1"]

1. e4 c5 2. Nf3 e6 3. b3 Nc6 4. Bb2 Nf6 5. e5 Nd5 6. c4 Nde7 7. Nc3 a6 8. Ne4 Nf5 9. g3 Be7 10. Bh3 Nfd4 11. Nxd4 Nxd4 12. Bxd4 cxd4 13. Qg4 0-0 14. c5 f5 15. exf6 Bxf6 16. 0-0 Be7 17. Nd6 Bxd6 18. cxd6 Qb6 19. Rac1 Qxd6 20. Rc4 e5 21. Bg2 Qf6 22. f4 d6 23. Bd5+ Kh8 24. Qg5 Be6 25. Bxe6 Qxe6 26. Rc7 Rf7 27. Rxf7 Qxf7 28. fxe5 Qe6 29. exd6 Qxd6 30. Rf7 Rg8 31. Rxb7 Qa3 32. Qf4 Qc1+ 33. Kg2 Qc6+ 34. Qf3 Qc2 35. Rd7 Qxd2+ 36. Qf2 Qa5 37. Rxd4 Qb5 38. h3 Qc6+ 39. Kh2 Qc5 40. Rf4 Qa3 41. Ra4 Qd6 42. Qe2 Ra8 43. Re4 Qc6 44. Re6 Qb5 45. Qxb5 axb5 46. a4 bxa4 47. bxa4 Kg8 48. Re4 Kf7 49. Kg2 Kf6 50. Kf3 h5 51. Ke3 g5 52. g4 hxg4 53. hxg4 Ra6 54. Kd3 Ra5 55. Kc3 Rc5+ 56. Kb4 Rc1 57. Kb5 Rb1+ 58. Ka6 Rb2 59. a5 Rb1 60. Ka7 Rb2 61. a6 Rb1 62. Ka8 Rb2 63. a7 Kf7 64. Re5 Kf6 65. Re8 Rb4 66. Rb8 Rxg4 67. Kb7 Ra4 68. a8Q Rxa8 69. Rxa8 Kf5 70. Kc6 Kf4 71. Rf8+ Kg3 72. Kd5 g4 73. Ke4 Kh2 74. Kf4 g3 75. Rh8+ 1-0

[Event "POL-ch U16"]
[Site "Leba"]
[Date "2008.03.31"]
[Round "4"]
[White "Matuszczyk, Przemyslaw"]
[Black "Grudzien, Piotr"]
[Result "1-0"]
[WhiteElo "1975"]
[BlackElo "1812"]
[PlyCount "57"]
[EventDate "2008.03.29"]
[EventType "swiss"]
[EventRounds "11"]
[EventCountry "POL"]
[SourceTitle "CBM 123 Extra"]
[Source "ChessBase"]
[SourceDate "2008.05.06"]
[SourceVersion "1"]
[SourceVersionDate "2008.05.06"]
[SourceQuality "1"]

1. e4 e5 2. Nf3 Nc6 3. d4 exd4 4. Nxd4 Bc5 5. Be3 Qf6 6. c3 Nge7 7. Bc4 Ne5 8. Be2 Qg6 9. 0-0 d6 10. Bh5 Qxe4 11. Nd2 Qh4 12. Nb5 Bxe3 13. Nxc7+ Kd7 14. Nxa8 Bxd2 15. g3 Qh3 16. Be2 Qh6 17. f4 Be3+ 18. Kg2 N5g6 19. Qd3 Bxf4 20. Qb5+ Nc6 21. gxf4 Nxf4+ 22. Kh1 Qf6 23. Qa4 g5 24. Bf3 d5 25. Bxd5 Kd8 26. Rad1 Bd7 27. b4 Qxc3 28. Rf3 Qb2 29. Rxf4 1-0

[Event "Polanica Zdroj op-B 43rd"]
[Site "Polanica Zdroj"]
[Date "2007.08.24"]
[Round "7"]
[White "Knap, Jerzy"]
[Black "Grudzien, Piotr"]
[Result "1/2-1/2"]
[WhiteElo "1976"]
[BlackElo "1831"]
[PlyCount "60"]
[EventDate "2007.08.17"]
[EventType "swiss"]
[EventRounds "10"]
[EventCountry "POL"]
[SourceTitle "CBM 120 Extra"]
[Source "ChessBase"]
[SourceDate "2007.11.01"]
[SourceVersion "1"]
[SourceVersionDate "2007.11.01"]
[SourceQuality "1"]

1. d4 d6 2. Nf3 Nf6 3. c4 g6 4. Nc3 Bg7 5. e4 0-0 6. Be2 Nbd7 7. 0-0 e5 8. d5 Nc5 9. Qc2 a5 10. Ne1 Qe7 11. f3 Nfd7 12. Be3 f5 13. exf5 gxf5 14. Nd3 b6 15. Qd2 Ba6 16. Nxc5 Nxc5 17. Kh1 e4 18. fxe4 fxe4 19. Bd4 Rae8 20. Bxg7 Qxg7 21. Qe3 Bc8 22. Rxf8+ Rxf8 23. Rf1 Bf5 24. Kg1 Bg6 25. Rxf8+ Qxf8 26. Qg5 Qe8 27. h4 Kh8 28. h5 Bf7 29. Qf6+ Kg8 30. Qg5+ Kh8 1/2-1/2